000 01581nam a22003977a 4500
003 CHAP
005 20220329143728.0
008 110425s2011 mx r 00010 spa d
010 _a101015
011 _a101987
035 _a112675
040 _cCHAP
090 _aTesis
100 1 _aZavala López, Luis Javier.
_9123793
245 1 0 _aInventario y caracterización de los manantiales en la cuenca del río Duero, Michoacán
_h[En línea]
_c/por Luis Javier Zavala López
260 _aChapingo, Méx. :
_bEl autor,
_c2011
500 _aPara ver el contenido del material haga clic en la liga
502 _aTesis (Ing. Agr. Esp. en Irrigación) -- UACH. Departamento de Irrigación
590 _aALEPH
_b10
_c20130110
_lUCH01
_h1540
590 _aBATCH-UPD
_b10
_c20130110
_lUCH01
_h1107
590 _aBATCH-UPD
_b10
_c20130410
_lUCH01
_h0658
590 _aBATCH-UPD
_b10
_c20130914
_lUCH01
_h1114
590 _aBATCH-UPD
_b10
_c20140324
_lUCH01
_h1524
590 _aBATCH-UPD
_b10
_c20141002
_lUCH01
_h0848
590 _aCONVERSION
_b10
_c20130109
_lUCH01
_h1356
650 1 4 _aAgua subterranea
_xMichoacan.
_92469
650 1 4 _aAgua
_xAbastecimiento
_xMichoacan.
_92248
650 1 4 _aCuencas hidrograficas
_xMichoacan.
_930091
650 1 4 _aInventarios.
_960169
650 1 4 _aManantiales
_xMichoacan.
_970276
856 _3Finding aid
_uhttp://10.13.5.2/tesis/112675.pdf
_zTeclea aqui
901 _aBK
942 _cFOLL
949 _aTesis
_bBC
_cTES
_d33724002234686
_eTS1
_gDonaciØn
_h52165
_i112675
_st
949 _aTesis
_bBC
_cTES
_d33724002234728
_eTS2
_fc.2
_gDonaciØn
_h52166
_i112675
_st
999 _c101015
_d101015